[Event "8th Mayors Cup Open 2015"]
[Site "Mumbai IND"]
[Date "2015.06.06"]
[Round "7.17"]
[White "Pantsulaia, Levan"]
[Black "Lakshmi Narayanan M V"]
[Result "1-0"]
[WhiteTitle "GM"]
[WhiteElo "2616"]
[BlackElo "2193"]
[WhiteFideId "13602071"]
[BlackFideId "5040647"]
[EventDate "2015.06.02"]

1. Nf3 Nf6 2. g3 b6 3. Bg2 Bb7 4. c4 e6 5. O-O Be7 6. Nc3 O-O 7. d4 Ne4 8. Bd2
Bf6 9. Qc2 Nxd2 10. Qxd2 d6 11. Rfd1 g6 12. b4 Nd7 13. Rab1 Bg7 14. Qc2 Qe7 15.
h4 Nf6 16. d5 a5 17. a3 e5 18. Bh3 axb4 19. axb4 e4 20. Nd4 e3 21. f4 Nh5 22.
Kg2 Rfe8 23. Ncb5 Bh6 24. Rf1 f5 25. Rf3 Bc8 26. Rb3 Bxf4 27. Nc6 Qf6 28. Nxc7
Bxg3 29. Nxe8 Qxh4 30. Rbxe3 Bf4 31. Qc3 Qg5+ 32. Kf2 Bd7 33. Nc7 Qh4+ 34. Kg1
Ra2 35. Ne6 Bxe6 36. Rxe6 Qg5+ 37. Kf1 Rd2 38. Re8+ Kf7 39. Re7+ Kg8 40. Qa1 1-0

[Event "8th Mayors Cup Open 2015"]
[Site "Mumbai IND"]
[Date "2015.06.06"]
[Round "7.18"]
[White "Abdulla, Al-Rakib"]
[Black "Iniyan, P"]
[Result "1-0"]
[WhiteTitle "GM"]
[WhiteElo "2498"]
[BlackElo "2171"]
[WhiteFideId "10200444"]
[BlackFideId "25002767"]
[EventDate "2015.06.02"]

1. d4 Nf6 2. c4 g6 3. Nc3 Bg7 4. Nf3 O-O 5. Bg5 d6 6. e3 Nbd7 7. Qc2 c5 8. d5 a6
9. a4 b6 10. Be2 Ne8 11. Nd2 Ndf6 12. O-O Nc7 13. f4 Bd7 14. e4 Nfe8 15. Bd3 Rb8
16. Rae1 b5 17. e5 f6 18. exf6 exf6 19. Bh4 b4 20. Nce4 b3 21. Qd1 Bxa4 22. f5
Bd7 23. fxg6 h6 24. Ng3 Rb7 25. Bf5 Bxf5 26. Nxf5 Na8 27. Qh5 Nb6 28. Bg3 Nc8
29. Bf4 Ne7 30. Nxg7 Nxg7 31. Qxh6 Re8 32. Rxe7 1-0

[Event "8th Mayors Cup Open 2015"]
[Site "Mumbai IND"]
[Date "2015.06.06"]
[Round "7.19"]
[White "Sivuk, Vitaly"]
[Black "Patil, Pratik"]
[Result "1-0"]
[WhiteTitle "GM"]
[WhiteElo "2491"]
[BlackElo "2164"]
[WhiteFideId "14116502"]
[BlackFideId "5038758"]
[EventDate "2015.06.02"]

1. Nf3 Nf6 2. g3 g6 3. b3 Bg7 4. Bb2 O-O 5. Bg2 d5 6. c4 c5 7. cxd5 Nxd5 8. Bxg7
Kxg7 9. O-O Nc6 10. d4 cxd4 11. Nxd4 Ndb4 12. Nxc6 Nxc6 13. Bxc6 bxc6 14. Qxd8
Rxd8 15. Nc3 Rd2 16. Rfd1 Rc2 17. Rac1 Rb2 18. Rd8 Bb7 19. Rd7 Ba6 20. Rxe7 Rd8
21. Rxa7 Bxe2 22. Nxe2 Rxe2 23. Rc3 Rd6 24. Rf3 Rf6 25. Kg2 h5 26. h4 c5 27.
Rxf6 Kxf6 28. Kf3 Rc2 29. Ra4 Ke5 30. Re4+ Kf5 31. Rc4 Rxa2 32. Rxc5+ Ke6 33.
Ke3 Rb2 34. Rc3 Ke5 35. Rd3 f6 36. f4+ Kf5 37. Kd4 1-0

[Event "8th Mayors Cup Open 2015"]
[Site "Mumbai IND"]
[Date "2015.06.06"]
[Round "7.20"]
[White "Semcesen, Daniel"]
[Black "Erigaisi, Arjun"]
[Result "1-0"]
[WhiteTitle "GM"]
[WhiteElo "2471"]
[BlackElo "2120"]
[WhiteFideId "1706993"]
[BlackFideId "35009192"]
[EventDate "2015.06.02"]

1. d4 e6 2. c4 Nf6 3. Nc3 d5 4. cxd5 exd5 5. Bg5 Be7 6. e3 O-O 7. Bd3 h6 8. Bh4
c6 9. f3 Re8 10. Bf2 Nbd7 11. Nge2 c5 12. O-O cxd4 13. Nxd4 Ne5 14. Bc2 Bc5 15.
Re1 Nc6 16. Nce2 Qb6 17. Rb1 Nxd4 18. Nxd4 Bd7 19. Qd3 Bxd4 20. Qxd4 Qxd4 21.
exd4 Rac8 22. Bd3 a6 23. Re5 Bb5 24. Bf5 Rcd8 25. Rbe1 Bd7 26. Bd3 Be6 27. Bh4
g5 28. Bf2 Nd7 29. R5e2 Nf8 30. h4 f6 31. Rc1 Kf7 32. Rc5 Bc8 33. Rc7+ Rd7 34.
Rec2 Rxc7 35. Rxc7+ Nd7 36. h5 Ke7 37. Bg6 Rf8 38. g4 Kd8 39. Bg3 Rh8 40. Kf2
Nf8 41. Rf7 Nxg6 42. hxg6 Rg8 43. Rxf6 Ke7 44. Be5 Be6 45. g7 1-0

[Event "8th Mayors Cup Open 2015"]
[Site "Mumbai IND"]
[Date "2015.06.06"]
[Round "7.21"]
[White "Gokhale, Chandrashekhar"]
[Black "Ravi, Teja S."]
[Result "0-1"]
[WhiteTitle "IM"]
[BlackTitle "IM"]
[WhiteElo "2230"]
[BlackElo "2403"]
[WhiteFideId "5001315"]
[BlackFideId "5017220"]
[EventDate "2015.06.02"]

1. Nf3 d5 2. g3 Nf6 3. Bg2 c6 4. d3 Bg4 5. O-O Nbd7 6. Nbd2 e5 7. e4 Bd6 8. h3
Bh5 9. Qe1 O-O 10. Nh4 Re8 11. Kh1 Qc7 12. Nf5 Bf8 13. Ne3 dxe4 14. dxe4 Nc5 15.
Nf5 a5 16. Nb3 Nfd7 17. Be3 a4 18. Nxc5 Nxc5 19. b4 Ne6 20. a3 Nf4 21. Qc3 Nxg2
22. Kxg2 c5 23. bxc5 Bg6 24. Qb4 Qc6 25. Kg1 b6 26. Rfd1 bxc5 27. Qc4 Kh8 28.
Rd2 f6 29. Rad1 Ra7 30. Nd6 Bxd6 31. Rxd6 Qxe4 32. Qxe4 Bxe4 33. Rd8 Rg8 34. c3
Rc7 35. Kf1 Bf3 36. R1d6 Rb7 37. Ke1 Rb1+ 38. Kd2 Rd1+ 39. Kc2 Rxd8 0-1

[Event "8th Mayors Cup Open 2015"]
[Site "Mumbai IND"]
[Date "2015.06.07"]
[Round "8.1"]
[White "Laxman, R.R."]
[Black "Kravtsiv, Martyn"]
[Result "1/2-1/2"]
[WhiteTitle "GM"]
[BlackTitle "GM"]
[WhiteElo "2417"]
[BlackElo "2589"]
[WhiteFideId "5005361"]
[BlackFideId "14113147"]
[EventDate "2015.06.02"]

1. d4 Nf6 2. Nf3 e6 3. c4 d5 4. g3 Be7 5. Bg2 O-O 6. O-O dxc4 7. Qc2 a6 8. a4
Bd7 9. Qxc4 Bc6 10. Bg5 Bd5 11. Qd3 c5 12. dxc5 Nbd7 13. Nc3 Nxc5 14. Qe3 1/2-1/2

[Event "8th Mayors Cup Open 2015"]
[Site "Mumbai IND"]
[Date "2015.06.07"]
[Round "8.2"]
[White "Zubov, Alexander"]
[Black "Priyadharshan, K."]
[Result "1/2-1/2"]
[WhiteTitle "GM"]
[BlackTitle "IM"]
[WhiteElo "2612"]
[BlackElo "2462"]
[WhiteFideId "14109409"]
[BlackFideId "5018293"]
[EventDate "2015.06.02"]

1. Nf3 Nf6 2. c4 c5 3. Nc3 Nc6 4. d4 cxd4 5. Nxd4 e6 6. a3 d5 7. cxd5 exd5 8.
Bf4 Be7 9. e3 O-O 10. Be2 Bc5 11. Nb3 Bb6 12. O-O d4 13. Nxd4 Bxd4 14. exd4 Nxd4
15. Be5 Nxe2+ 16. Qxe2 Be6 17. Rad1 Nd7 18. Qe3 Qb6 19. Bd4 Qc6 20. Rfe1 Rfe8
21. Qg3 f6 22. Ne4 Bf7 23. Nd6 Rxe1+ 24. Rxe1 Qd5 25. Nxf7 Kxf7 26. Qe3 a6 27.
h3 Nf8 28. Qe7+ Kg8 29. Bc3 Rc8 30. Qb4 Ng6 31. Re4 Qb5 32. Qd4 Re8 33. Rxe8+
Qxe8 34. Qc4+ Kh8 35. Qc7 Qa8 36. a4 b5 37. axb5 axb5 38. Qg3 Qe8 39. Qg4 h6 40.
Qf5 Nf8 41. h4 Ne6 42. Qe4 Qd7 43. g3 Kg8 44. Kh2 Kf7 45. Qf3 Kg8 46. Kg1 Nc5
47. Qe3 Ne6 48. Qe4 Kf7 49. Qf3 Nf8 50. Kh2 Ne6 51. Qh5+ Kg8 52. Kg1 Nf8 53. Bb4
Ne6 54. Bc3 Nf8 55. Qf3 Kf7 56. Kh2 Ne6 57. Qf5 Qc6 58. Qh5+ Kg8 59. Qd1 Kf7 60.
Kg1 Kg8 61. Qd3 Kf7 62. Bd2 Kg8 63. Be3 Nf8 64. b3 Nd7 65. Bd4 Qd5 66. Qe3 Kf7
67. Kh2 1/2-1/2

[Event "8th Mayors Cup Open 2015"]
[Site "Mumbai IND"]
[Date "2015.06.07"]
[Round "8.3"]
[White "Kokarev, Dmitry"]
[Black "Paichadze, Luka"]
[Result "1/2-1/2"]
[WhiteTitle "GM"]
[BlackTitle "GM"]
[WhiteElo "2639"]
[BlackElo "2558"]
[WhiteFideId "4132181"]
[BlackFideId "13602934"]
[EventDate "2015.06.02"]

1. e4 c6 2. d4 d5 3. Nd2 a6 4. Bd3 dxe4 5. Nxe4 Qxd4 6. Nf3 Qd8 7. Neg5 e6 8.
Qe2 Bd6 9. Bxh7 Nf6 10. Bd3 Nd5 11. g3 Qe7 12. c4 Nf6 13. Ne5 Bxe5 14. Qxe5 c5
15. Ne4 Nbd7 16. Qd6 Nxe4 17. Bxe4 Nf6 18. Qxe7+ Kxe7 19. Bg2 Nd7 20. O-O Ra7
21. Bf4 b6 22. Rad1 e5 23. Be3 Bb7 24. Bxb7 Rxb7 25. Rd5 Rc8 26. f4 exf4 27.
Bxf4 Rc6 28. Re1+ Re6 29. Rxe6+ fxe6 30. Rd2 e5 31. Be3 b5 32. cxb5 axb5 1/2-1/2

[Event "8th Mayors Cup Open 2015"]
[Site "Mumbai IND"]
[Date "2015.06.07"]
[Round "8.4"]
[White "Smirnov, Pavel"]
[Black "Harsha, Bharathakoti"]
[Result "1/2-1/2"]
[WhiteTitle "GM"]
[WhiteElo "2588"]
[BlackElo "2332"]
[WhiteFideId "4123425"]
[BlackFideId "5078776"]
[EventDate "2015.06.02"]

1. d4 d5 2. c4 c6 3. cxd5 cxd5 4. Bf4 Nf6 5. Nc3 Nc6 6. e3 Bg4 7. Qb3 Na5 8.
Qa4+ Bd7 9. Qc2 e6 10. Nf3 Nh5 11. Bg5 f6 12. h4 Bd6 13. g4 fxg5 14. hxg5 Rf8
15. Be2 Ng3 16. fxg3 Nc4 17. Bxc4 Rxf3 18. Be2 Rxe3 19. Qxh7 Qxg5 20. Qh8+ Ke7
21. Qxa8 Rxe2+ 22. Nxe2 1/2-1/2

[Event "8th Mayors Cup Open 2015"]
[Site "Mumbai IND"]
[Date "2015.06.07"]
[Round "8.5"]
[White "Aleksandrov, Aleksej"]
[Black "Swapnil, S. Dhopade"]
[Result "0-1"]
[WhiteTitle "GM"]
[BlackTitle "IM"]
[WhiteElo "2607"]
[BlackElo "2453"]
[WhiteFideId "13500139"]
[BlackFideId "5019184"]
[EventDate "2015.06.02"]

1. d4 Nf6 2. c4 e6 3. Nc3 Bb4 4. e3 O-O 5. Bd3 c5 6. a3 Bxc3+ 7. bxc3 Nc6 8. Ne2
b6 9. e4 Ne8 10. O-O Ba6 11. f4 f5 12. exf5 exf5 13. dxc5 bxc5 14. Be3 d6 15.
Rb1 Na5 16. Qa4 Nf6 17. Nc1 Qe8 18. Qxa5 Qxe3+ 19. Kh1 Bc8 20. Rb2 Qe7 21. Re2
Ne4 22. Nb3 Qh4 23. Bxe4 fxe4 24. Nd2 Rxf4 25. Rxf4 Qxf4 26. Rxe4 Qxd2 27. Qd8+
Kf7 28. Qe8+ Kf6 29. Re2 Rb8 30. h4 Rb1+ 31. Kh2 Qf4+ 32. g3 Qf5 33. Qe7+ Kg6
34. Qxd6+ Qf6 35. Qd5 h5 36. Qe4+ Qf5 0-1

[Event "8th Mayors Cup Open 2015"]
[Site "Mumbai IND"]
[Date "2015.06.07"]
[Round "8.6"]
[White "Mchedlishvili, Mikheil"]
[Black "Karthikeyan, P."]
[Result "1-0"]
[WhiteTitle "GM"]
[BlackTitle "IM"]
[WhiteElo "2597"]
[BlackElo "2440"]
[WhiteFideId "13600966"]
[BlackFideId "5018226"]
[EventDate "2015.06.02"]

1. d4 Nf6 2. c4 e6 3. Nf3 b6 4. g3 Bb7 5. Bg2 g6 6. O-O Bg7 7. Nc3 Ne4 8. Nxe4
Bxe4 9. Be3 O-O 10. Qd2 d6 11. Bh6 Nd7 12. Bxg7 Kxg7 13. Rfe1 Qe7 14. Qc3 Kg8
15. Rad1 a5 16. Bh3 f5 17. Nd2 Bb7 18. Bg2 Bxg2 19. Kxg2 e5 20. dxe5 Qxe5 21.
Qxe5 Nxe5 22. f4 Nd7 23. e4 fxe4 24. Nxe4 Rae8 25. Nc3 Nf6 26. Kf3 Kf7 27. Nd5
Nxd5 28. cxd5 Re7 29. Rxe7+ Kxe7 30. g4 b5 31. h4 b4 32. Rc1 Kd7 33. g5 h5 34.
Rc6 Re8 35. Ra6 Re1 36. Rxa5 Rf1+ 37. Ke3 Re1+ 38. Kf2 Rb1 39. b3 Rh1 40. Ra8
Rxh4 41. Kg3 Rg4+ 42. Kf3 Ke7 43. Rc8 Rg1 44. Rxc7+ Kf8 45. Rd7 h4 46. Rh7 Rg3+
47. Ke4 h3 48. Rh4 Kg7 49. Kd4 Rc3 50. a4 Rxb3 51. Kc4 Rf3 52. Kxb4 h2 53. Rxh2
Rxf4+ 54. Kb5 Rd4 55. Rg2 Rxd5+ 56. Kb6 Rd1 57. Ra2 Kf7 58. a5 Ke6 59. a6 Rb1+
60. Kc7 Rc1+ 61. Kd8 Rh1 62. a7 d5 1-0

[Event "8th Mayors Cup Open 2015"]
[Site "Mumbai IND"]
[Date "2015.06.07"]
[Round "8.7"]
[White "Nitin, S."]
[Black "Rahman, Ziaur"]
[Result "1-0"]
[WhiteTitle "IM"]
[BlackTitle "GM"]
[WhiteElo "2357"]
[BlackElo "2500"]
[WhiteFideId "5018277"]
[BlackFideId "10200037"]
[EventDate "2015.06.02"]

1. e4 c5 2. Nf3 e6 3. d4 cxd4 4. Nxd4 Nc6 5. Nc3 Qc7 6. g3 a6 7. Bg2 h5 8. O-O
Nf6 9. Bf4 e5 10. Nd5 Nxd5 11. exd5 exf4 12. dxc6 dxc6 13. Qf3 Rh6 14. Rae1+ Be7
15. Re4 Bg4 16. Qb3 Kf8 17. h3 Bd7 18. Rxf4 Rf6 19. Re4 Bc5 20. Qc4 Bd6 21. Qe2
g6 22. Re1 Kg8 23. c3 Bf8 24. Nf3 Be6 25. Nd4 Bd7 26. Nf3 a5 27. Qe3 Be6 28. c4
a4 29. g4 hxg4 30. hxg4 Bd7 31. Ne5 Ra5 32. Nxd7 Qxd7 33. Qc3 Raf5 34. gxf5 Qxf5
35. R1e2 Bc5 36. Re8+ Kg7 37. Qh3 Bxf2+ 38. Rxf2 Qxf2+ 39. Kh1 g5 40. Qh8+ Kg6
41. Be4+ 1-0

[Event "8th Mayors Cup Open 2015"]
[Site "Mumbai IND"]
[Date "2015.06.07"]
[Round "8.8"]
[White "Azaladze, Shota"]
[Black "Sanjay, N."]
[Result "1/2-1/2"]
[WhiteTitle "IM"]
[WhiteElo "2499"]
[BlackElo "2310"]
[WhiteFideId "13603027"]
[BlackFideId "5003075"]
[EventDate "2015.06.02"]

1. d4 Nf6 2. c4 c5 3. Nf3 cxd4 4. Nxd4 e5 5. Nb5 d5 6. cxd5 Bc5 7. e3 O-O 8.
N5c3 e4 9. Be2 Qe7 10. a3 a5 11. Nd2 Rd8 12. Qa4 Bf5 13. g4 Bxg4 14. Bxg4 Nxg4
15. Ndxe4 Ne5 16. Ke2 Nbd7 17. h4 Nf6 18. Nxc5 Qxc5 19. Rd1 Nxd5 20. Bd2 b5 21.
Nxb5 Nb6 22. Qb3 a4 23. Qb4 Qc2 24. f4 Qd3+ 25. Kf2 Nd5 26. Qd4 Ng4+ 27. Kf3
Qxb5 28. Bc3 Ngf6 29. e4 Nc7 30. Qxd8+ Rxd8 31. Rxd8+ Nfe8 32. f5 h6 33. Rad1
Kh7 34. h5 f6 35. Ke3 Qc5+ 36. Kf3 Qb5 37. Ke3 Qb6+ 38. Kf3 Qc6 39. R1d7 Qc4 40.
Re7 Qf1+ 41. Ke3 Qg1+ 42. Kd2 Qg5+ 43. Kc2 Qxh5 44. Kb1 Qg4 45. Ka2 h5 46. e5
fxe5 47. Bxe5 Qxf5 48. Rdd7 Ne6 49. Bc3 Nf6 50. Rd6 Ne4 51. Rdxe6 Nxc3+ 52. bxc3
Qc2+ 53. Ka1 Qxc3+ 54. Kb1 Qb3+ 55. Kc1 Qxa3+ 56. Kb1 Qb3+ 57. Ka1 Qa3+ 58. Kb1
Qb4+ 59. Ka1 Qd4+ 60. Ka2 Qd5+ 61. Kb2 h4 62. Re3 Qc5 63. R3e4 Qg5 64. Ka3 h3
65. R7e5 Qg3+ 66. Kxa4 g6 67. Re3 Qg2 68. Re7+ Kh6 69. Re8 Kg7 70. R8e7+ Kf6 71.
Rh7 Qc2+ 72. Kb5 Qf5+ 73. Kc4 Qc2+ 74. Kb5 Qb1+ 75. Kc4 Qa2+ 76. Kc3 Qa3+ 77.
Kd2 Qb2+ 78. Kd3 Qb5+ 79. Kd2 Qa5+ 80. Ke2 Qa2+ 81. Kd3 Qd5+ 82. Kc3 Qc5+ 83.
Kd3 Qf5+ 84. Kc3 Qc5+ 85. Kd3 Qa3+ 86. Ke2 Qb2+ 87. Kd3 Qb3+ 88. Kd2 Qd5+ 89.
Kc3 Qc6+ 90. Kd3 Qd5+ 1/2-1/2

[Event "8th Mayors Cup Open 2015"]
[Site "Mumbai IND"]
[Date "2015.06.07"]
[Round "8.9"]
[White "Nguyen, Duc Hoa"]
[Black "Vignesh, NR"]
[Result "1-0"]
[WhiteTitle "GM"]
[WhiteElo "2487"]
[BlackElo "2399"]
[WhiteFideId "12401358"]
[BlackFideId "25012215"]
[EventDate "2015.06.02"]

1. e4 e5 2. Nf3 Nc6 3. d4 exd4 4. Nxd4 Bc5 5. Nxc6 Qf6 6. Qf3 bxc6 7. Nd2 Qxf3
8. gxf3 Ne7 9. Nb3 Bb6 10. a4 a5 11. Be3 Bxe3 12. fxe3 d6 13. Rg1 O-O 14. Bc4
Kh8 15. O-O-O f5 16. e5 d5 17. Bd3 f4 18. e4 Re8 19. Nc5 d4 20. Bc4 Ng6 21. Bf7
Rxe5 22. Rxd4 Bh3 23. Nd3 Rh5 24. Bxg6 hxg6 25. Nxf4 Rh6 26. Nxg6+ Kh7 27. Nf4
Rf8 28. Nxh3 Rxh3 29. Rd7 Rfxf3 30. Rdxg7+ Kh6 31. R7g6+ Kh5 32. Rxc6 Rxh2 33.
Rxc7 1-0

[Event "8th Mayors Cup Open 2015"]
[Site "Mumbai IND"]
[Date "2015.06.07"]
[Round "8.10"]
[White "Gagunashvili, Merab"]
[Black "Siva, Mahadevan"]
[Result "1-0"]
[WhiteTitle "GM"]
[WhiteElo "2600"]
[BlackElo "2125"]
[WhiteFideId "13601652"]
[BlackFideId "25043153"]
[EventDate "2015.06.02"]

1. Nf3 Nf6 2. c4 g6 3. g3 Bg7 4. Bg2 O-O 5. O-O c6 6. d3 d5 7. Qc2 Na6 8. a3 Re8
9. b4 dxc4 10. Qxc4 Ne4 11. d4 Be6 12. Qc2 Nd6 13. Nbd2 Rc8 14. Bb2 f5 15. Ne5
Bd5 16. f3 Qb6 17. Kh1 Bxe5 18. dxe5 Nb5 19. Nc4 Qc7 20. e4 fxe4 21. fxe4 Be6
22. a4 Nxb4 23. Qe2 a6 24. axb5 axb5 25. Ne3 Rcd8 26. Rad1 Rxd1 27. Qxd1 Rd8 28.
Qf3 Nd3 29. Ba1 Nc5 30. Nc2 Nb3 31. Nd4 Nxd4 32. Bxd4 c5 33. Be3 Bc4 34. e6 Bxf1
35. Qf7+ Kh8 36. Bf4 Bxg2+ 37. Kxg2 1-0

[Event "8th Mayors Cup Open 2015"]
[Site "Mumbai IND"]
[Date "2015.06.07"]
[Round "8.11"]
[White "Kulkarni, Rakesh"]
[Black "Pantsulaia, Levan"]
[Result "1-0"]
[BlackTitle "GM"]
[WhiteElo "2353"]
[BlackElo "2616"]
[WhiteFideId "5037077"]
[BlackFideId "13602071"]
[EventDate "2015.06.02"]

1. e4 c5 2. c3 d5 3. exd5 Qxd5 4. d4 Nf6 5. Nf3 Bg4 6. Nbd2 Nc6 7. Bc4 Qd7 8.
Qb3 O-O-O 9. Bb5 Qc7 10. O-O e6 11. Bxc6 bxc6 12. Ne5 cxd4 13. cxd4 Rxd4 14. Re1
Bb4 15. a3 Ba5 16. h3 Bh5 17. Qc2 Rhd8 18. b4 Bb6 19. Nb3 Rd1 20. Bb2 Rxa1 21.
Bxa1 Kb7 22. Na5+ Bxa5 23. bxa5 Bg6 24. Nxg6 hxg6 25. Be5 Qc8 26. Rb1+ Ka8 27.
Rb8+ Qxb8 28. Bxb8 Kxb8 29. Qxc6 Rd5 30. a6 Rd7 31. g4 g5 32. Qb5+ Kc8 33. Qc5+
Rc7 34. Qf8+ Kd7 35. Qxg7 1-0

[Event "8th Mayors Cup Open 2015"]
[Site "Mumbai IND"]
[Date "2015.06.07"]
[Round "8.12"]
[White "Debashis, Das"]
[Black "Praneeth, Surya K."]
[Result "0-1"]
[WhiteTitle "GM"]
[BlackTitle "FM"]
[WhiteElo "2508"]
[BlackElo "2305"]
[WhiteFideId "5024854"]
[BlackFideId "5091411"]
[EventDate "2015.06.02"]

1. d4 Nf6 2. Nf3 g6 3. Bg5 Bg7 4. Nbd2 d5 5. e3 O-O 6. c3 Nbd7 7. Be2 c5 8. O-O
b6 9. a4 Bb7 10. Qb3 Re8 11. Rfd1 Qc8 12. a5 c4 13. Qa3 b5 14. a6 Bc6 15. Ne5
Rb8 16. Nxc6 Qxc6 17. b3 e6 18. bxc4 bxc4 19. Bf4 Rb6 20. Rdb1 Bf8 21. Qa2 Bd6
22. Bg5 Reb8 23. Rxb6 Rxb6 24. e4 Ne8 25. e5 Bf8 26. Nf1 Nc7 27. Qd2 Rxa6 28.
Re1 Ra3 29. Bd1 Nb5 30. Re3 Qb7 31. Qb2 Qb6 32. Bd8 Qxd8 33. Qxb5 Ra5 34. Qb2
Qb8 35. Qe2 Ra1 36. Rh3 Qb1 37. Ne3 Qd3 38. Qg4 a5 39. g3 a4 40. Kg2 Qe4+ 41.
Qxe4 dxe4 42. Be2 a3 0-1

[Event "8th Mayors Cup Open 2015"]
[Site "Mumbai IND"]
[Date "2015.06.07"]
[Round "8.13"]
[White "Sangma, Rahul"]
[Black "Abdulla, Al-Rakib"]
[Result "0-1"]
[WhiteTitle "IM"]
[BlackTitle "GM"]
[WhiteElo "2307"]
[BlackElo "2498"]
[WhiteFideId "5013615"]
[BlackFideId "10200444"]
[EventDate "2015.06.02"]

1. e4 e5 2. Nf3 Nc6 3. Bb5 a6 4. Ba4 Nf6 5. O-O Be7 6. d3 d6 7. Bxc6+ bxc6 8. h3
O-O 9. Nc3 Nd7 10. Nh2 Rb8 11. Rb1 Nc5 12. f4 exf4 13. Bxf4 f5 14. exf5 Bxf5 15.
Qd2 Ne6 16. Be3 d5 17. d4 Ng5 18. b3 Rb6 19. Rf2 Ne4 20. Nxe4 Bxe4 21. Rbf1 Rxf2
22. Qxf2 Qe8 23. Ng4 c5 24. dxc5 Rg6 25. g3 h5 26. Nh2 d4 27. Bf4 Bxc5 28. Nf3
Bb6 29. Nxd4 Qd7 30. c3 Qxh3 31. Qh2 Qg4 32. Be5 h4 33. Rf4 hxg3 34. Qd2 Rh6 0-1

[Event "8th Mayors Cup Open 2015"]
[Site "Mumbai IND"]
[Date "2015.06.07"]
[Round "8.14"]
[White "Deepan, Chakkravarthy J."]
[Black "Hemant, Sharma2"]
[Result "1/2-1/2"]
[WhiteTitle "GM"]
[WhiteElo "2497"]
[BlackElo "2266"]
[WhiteFideId "5011132"]
[BlackFideId "5025842"]
[EventDate "2015.06.02"]

1. e4 c5 2. Nf3 d6 3. d4 cxd4 4. Nxd4 Nf6 5. Nc3 a6 6. g3 e5 7. Nde2 Be6 8. Bg2
Be7 9. O-O Qc7 10. a4 O-O 11. h3 Nc6 12. Nd5 Bxd5 13. exd5 Na5 14. b3 Rfc8 15.
Ra2 b6 16. g4 Nb7 17. Ng3 g6 18. f4 exf4 19. Bxf4 b5 20. axb5 axb5 21. Rxa8 Rxa8
22. b4 Ra4 23. Bg5 Ne8 24. Bxe7 Qxe7 25. Re1 Qd7 26. Qd4 Nd8 27. Bf1 f6 28. Ne4
Nf7 29. Nxf6+ Nxf6 30. Qxf6 Ne5 31. Bxb5 Qxb5 32. Qd8+ Kg7 33. Rf1 Nf3+ 1/2-1/2

[Event "8th Mayors Cup Open 2015"]
[Site "Mumbai IND"]
[Date "2015.06.07"]
[Round "8.15"]
[White "Deshpande, Aniruddha"]
[Black "Sivuk, Vitaly"]
[Result "1/2-1/2"]
[BlackTitle "GM"]
[WhiteElo "2252"]
[BlackElo "2491"]
[WhiteFideId "5021774"]
[BlackFideId "14116502"]
[EventDate "2015.06.02"]

1. e4 c5 2. c3 d5 3. exd5 Qxd5 4. d4 Nc6 5. Nf3 Bf5 6. Be3 Nf6 7. Na3 e6 8. dxc5
O-O-O 9. Nb5 Qxd1+ 10. Rxd1 Rxd1+ 11. Kxd1 Nd5 12. Nbd4 Nxe3+ 13. fxe3 Bxc5 14.
Nxf5 exf5 15. Bc4 Bxe3 16. Bxf7 Kc7 17. Ke2 f4 18. Rd1 h6 19. Be6 g5 20. Rd7+
Kb6 21. h4 Bc1 22. Kd1 Bxb2 23. hxg5 hxg5 24. Kc2 Ba3 25. Nxg5 Re8 26. Bf7 Re3
27. Nf3 Bf8 28. Bc4 Be7 29. Rd3 Re2+ 30. Rd2 Rxd2+ 31. Kxd2 Kc5 32. Bg8 Bf6 33.
Kd3 Ne7 34. Bf7 Nf5 35. Be6 Ne7 36. Nd2 Kd6 37. Bb3 Bg7 38. g3 fxg3 39. Ne4+ Ke5
40. Nxg3 Nf5 1/2-1/2

[Event "8th Mayors Cup Open 2015"]
[Site "Mumbai IND"]
[Date "2015.06.07"]
[Round "8.16"]
[White "Puranik, Abhimanyu"]
[Black "Semcesen, Daniel"]
[Result "1-0"]
[WhiteTitle "CM"]
[BlackTitle "GM"]
[WhiteElo "2307"]
[BlackElo "2471"]
[WhiteFideId "5061245"]
[BlackFideId "1706993"]
[EventDate "2015.06.02"]

1. e4 e5 2. Nf3 Nc6 3. Bb5 a6 4. Ba4 Nf6 5. d3 Bc5 6. O-O d6 7. c3 O-O 8. Re1
Ba7 9. h3 Ne7 10. Nbd2 Ng6 11. Nf1 h6 12. Ng3 b5 13. Bc2 Re8 14. Be3 c5 15. a4
Bb7 16. axb5 axb5 17. b4 Bb6 18. Rxa8 Bxa8 19. Qb1 Bc6 20. Nf5 Kh7 21. Qc1 Ng8
22. bxc5 Bxc5 23. d4 exd4 24. cxd4 Bb4 25. Bd2 Bxd2 26. Qxd2 Qb8 27. Qb4 Rd8 28.
h4 Kh8 29. d5 Be8 30. e5 Qc7 31. Bb3 dxe5 32. h5 Nf4 33. Nxe5 Nxh5 34. d6 Qb7
35. d7 Rxd7 36. Qf8 Rd8 1-0

[Event "8th Mayors Cup Open 2015"]
[Site "Mumbai IND"]
[Date "2015.06.07"]
[Round "8.17"]
[White "Mohammad, Nubairshah Shaikh"]
[Black "Akash Pc, Iyer"]
[Result "1-0"]
[WhiteElo "2428"]
[BlackElo "2255"]
[WhiteFideId "5053196"]
[BlackFideId "5006775"]
[EventDate "2015.06.02"]

1. d4 Nf6 2. c4 e6 3. Nc3 Bb4 4. Qc2 d5 5. cxd5 Qxd5 6. Nf3 c5 7. Bd2 Bxc3 8.
Bxc3 Nc6 9. dxc5 Qxc5 10. Rc1 O-O 11. e3 Rd8 12. a3 Qe7 13. b4 e5 14. Qb2 e4 15.
Nd2 a6 16. Be2 Ne8 17. O-O Bf5 18. Rfd1 Qg5 19. a4 Bh3 20. g3 Bf5 21. b5 axb5
22. axb5 Ne7 23. Nc4 Nd5 24. Rxd5 Rxd5 25. Nb6 Rad8 26. Nxd5 Rxd5 27. Bd4 Bg4
28. Bc4 Rd7 29. Bf1 Nc7 30. Rc5 Qg6 31. Qc3 Ne6 32. Rc8+ Nd8 33. h3 Be6 34. Qa5
Qg5 35. Bb6 h6 36. Rxd8+ Rxd8 37. Bxd8 Qd5 38. Bc7 Kh7 39. Qa1 f6 40. Qd4 Qf5
41. Ba5 Bd5 42. Bc4 Bxc4 43. Qxc4 Qxh3 44. Qxe4+ 1-0

[Event "8th Mayors Cup Open 2015"]
[Site "Mumbai IND"]
[Date "2015.06.07"]
[Round "8.18"]
[White "Mahalakshmi, M"]
[Black "Prasanna, Raghuram Rao"]
[Result "0-1"]
[WhiteTitle "WFM"]
[BlackTitle "IM"]
[WhiteElo "2117"]
[BlackElo "2424"]
[WhiteFideId "5001080"]
[BlackFideId "5022401"]
[EventDate "2015.06.02"]

1. b3 Nf6 2. Bb2 g6 3. Bxf6 exf6 4. c4 Bg7 5. Nc3 O-O 6. g3 f5 7. Rc1 c6 8. Bg2
Qa5 9. e3 Na6 10. d4 d5 11. cxd5 cxd5 12. Ne2 Be6 13. Qd2 Rfd8 14. Na4 Qxd2+ 15.
Kxd2 Bf8 16. Nc5 Bxc5 17. dxc5 Rac8 18. b4 Nxb4 19. Rb1 a5 20. a3 Na6 21. Rxb7
Nxc5 22. Rbb1 d4 23. Nxd4 Nb3+ 24. Rxb3 Bxb3 25. Rb1 Bd5 26. Bf1 Bc4 27. Bg2 Rb8
28. Rxb8 Rxb8 29. Kc3 Be6 30. Bc6 Rb1 31. a4 Kf8 32. Bb5 Bd5 33. Ne2 Ke7 34. Nf4
Be4 35. Ne2 Kd6 36. Be8 Rh1 37. h4 Rh2 38. Bxf7 Rxf2 39. Nd4 Rg2 40. Nb3 Rxg3
41. Nxa5 f4 42. Kd4 fxe3 43. Nc4+ Ke7 44. Nxe3 Kxf7 45. Kxe4 Rh3 46. Ng2 Ra3 47.
Kf4 Rxa4+ 48. Kg3 Kf6 49. Nf4 0-1